| 000 | 01410cam a2200205 4500 | ||
|---|---|---|---|
| 001 | ##L134354 | ||
| 008 | 060728n2006 000 0 eng u | ||
| 035 | _a(Sirsi) u134354 | ||
| 041 | 0 | _aeng | |
| 050 | 0 | 4 | _a306.9 $2 18 |
| 110 | 2 |
_aCommission for Rural Communities _94993 |
|
| 245 | 0 | 0 | _aRural housing - a place in the countryside? |
| 260 |
_aCheltenham _bCommission for Rural Communities _c2006 |
||
| 520 | _aReports the findings of the Commission's national inquiry into rural housing begun in July 2005 which formed an important part of the Commission's evidence to the government Affordable Rural Housing Commission. Based on the responses of over 800 people from eight case study areas in England, the report relays a common sense of overwhelming concern at the growing shortage of suitable affordable housing to buy or rent, anxiety about the impact of increasing numbers of second and holiday homes, frustration at the lack of local involvement in decision making and at inflexible planning and housing policies. Makes recommendations including more effective rural proofing of housing policies at all levels. | ||
| 590 | _aIKA010806 | ||
| 651 | 4 |
_aEngland _y886- |
|
| 690 | _aPROPERTY-RESIDENTIAL PROPERTY-RESIDENTIAL PROPERTY MARKET | ||
| 856 | 4 | 0 |
_uhttps://www.ruralcommunities.gov.uk/article.asp?aID=112&pID=2 _zView the report free of charge at www. ruralcommunities.gov.uk... |
| 942 | _n0 | ||
| 999 |
_c105655 _d105655 |
||